Statistiques concernant Dépendances et territoires australien

Cliquez ici pour prendre le quiz!

Statistiques générales

  • Ce quiz a été pris 9 fois
  • Le résultat moyen est 2 sur 8

Statistiques - réponses

Hint Answer % Correct
ÎleNorfolk
100%
ÎleChristmas
57%
ÎlesCocos
57%
Territoireantarctique australien
14%
ÎlesAshmore-et-Cartier
0%
ÎlesHeard-et-MacDonald
0%
Îlesde la mer de Corail
0%
AutreAborigènes d'Australie
0%

Distribution des résultats

Percentile par nombre de réponses

% des personnes avec chaque résultat

Votre développement - résultats

Vous n’avez pas pris ce quiz